| 000 | 01328nam a22003377a 4500 | ||
|---|---|---|---|
| 001 | BR8400386 | ||
| 003 | BR-BrBNA | ||
| 005 | 20230928091843.0 | ||
| 007 | ta | ||
| 008 | 230509b bl.||||| |||| 00| 0 por d | ||
| 040 |
_aBR-BrBNA _bpor _cBiblioteca Nacional de Agricultura |
||
| 041 | _a(Por) | ||
| 072 |
_aH10 _b0430 _b0336 _b4020 _b3877 |
||
| 090 | _ 0430 BR8400386 | ||
| 100 | 1 | _aCampos, J.A.D. | |
| 110 | 1 |
_aEscola Superior de Agricultura Luiz de Queiroz, Piracicaba, SP (Brasil) _0Tese (Mestre em Ciencias Biologicas) |
|
| 245 | 1 | _aSusceptibilidade de algumas pragas a dois novos grupos de inseticidas [Heliothis virescens, lagarta, Euchistus heros, percevejo, Alabama argillacea, curuquere, algodao, Gossypium hirsutum, soja, Glycine max] | |
| 246 | 1 | _aSusceptibility of some pests to two new groups of insecticides [Heliothis virescens, caterpillar, Euchistus heros, bug, Alabama argillacea, cotton worm, cotton, Gossypium hirsutum, soybean, Glycine max] | |
| 260 | 3 |
_aPiracicaba, SP (Brasil): _c1983. |
|
| 300 | _a69 p. | ||
| 500 | _a28 tables; 29 ref.; Summaries (Eng, Por) | ||
| 650 | _aLAGARTA | ||
| 650 | _aALGODAO | ||
| 650 | _aSOJA | ||
| 650 | _aPERCEVEJO | ||
| 650 | _aCURUQUERE | ||
| 650 | _aINSETICIDA | ||
| 650 | _aCONTROLE QUIMICO | ||
| 909 |
_a202309 _bLucia _c55 _dLucia Elande |
||
| 942 | _cBK | ||
| 999 |
_c35899 _d35899 |
||